Catálogo
 En Linea

Antonio de la Guerra Montero : (Registro nro. 17901)

Detalles MARC
000 -CABECERA
campo de control de longitud fija 00688cam a2200181 a 4500
001 - NÚMERO DE CONTROL
campo de control 000018380
005 - FECHA Y HORA DE LA ÚLTIMA TRANSACCIÓN
campo de control 20260305073955.0
008 - DATOS DE LONGITUD FIJA--INFORMACIÓN GENERAL
campo de control de longitud fija 810225s1971 ck 000 0bspa d
040 ## - FUENTE DE LA CATALOGACIÓN
Centro catalogador/agencia de origen DO-SdBNP
Lengua de catalogación spa
Centro/agencia transcriptor BNPHU
082 ## - NÚMERO DE LA CLASIFICACIÓN DECIMAL DEWEY
Número de clasificación 923.587
Número de documento/Ítem G934C
100 1# - ENTRADA PRINCIPAL--NOMBRE DE PERSONA
Nombre de persona Castellanos, Rafael Ramón,
Fechas asociadas al nombre 1932-
9 (RLIN) 20807
245 10 - MENCIÓN DE TÍTULO
Título Antonio de la Guerra Montero :
Resto del título prócer de la independencia /
Mención de responsabilidad, etc. Rafael Ramón Castellanos.
260 ## - PUBLICACIÓN, DISTRIBUCIÓN, ETC.
Lugar de publicación, distribución, etc. Bogotá, Colombia :
Nombre del editor, distribuidor, etc. Editorial Kelly,
Fecha de publicación, distribución, etc. 1971.
300 ## - DESCRIPCIÓN FÍSICA
Extensión 232 p. ;
Dimensiones 20 cm.
600 14 - PUNTO DE ACCESO ADICIONAL DE MATERIA--NOMBRE DE PERSONA
Nombre de persona GUERRA MONTERO, ANTONIO DE LA,
Fechas asociadas al nombre 1798-1862.
9 (RLIN) 39801
600 10 - PUNTO DE ACCESO ADICIONAL DE MATERIA--NOMBRE DE PERSONA
Nombre de persona Bolívar, Simón,
Fechas asociadas al nombre 1783-1830
9 (RLIN) 253
650 #4 - PUNTO DE ACCESO ADICIONAL DE MATERIA--TÉRMINO DE MATERIA
Término de materia o nombre geográfico como elemento de entrada América del sur
Subdivisión general Historia
-- Guerras de independencia, 1806-1830
9 (RLIN) 39802
Existencias
Estado de retiro Estado de pérdida Restricciones de uso No para préstamo Código de colección Localización permanente Ubicación/localización actual Ubicación en estantería Fecha de adquisición Número de inventario Total de préstamos Signatura topográfica completa Código de barras Fecha visto por última vez Precio válido a partir de Tipo de ítem Koha
        Monografías: Libros y Folletos General General En catalogación 30.04.2010 LF1   923.587 G934C 18380-10 25.06.2020 25.06.2020 Préstamo en sala

Con tecnología Koha